000 00313nam a22001337a 4500
008 170627b xxu||||| |||| 00| 0 eng d
020 _a1883479002
041 _aeng
080 _a82
100 _a21
101 _aGJL
245 _aNOVEL CONFIGURATION A STUDY FRENCH FICTION
_cHINES.TH.M
942 _2udc
_cBK
999 _c19188
_d19188